El rey mono contra el demonio de hueso blanco
Guardat en:
| Autor principal: | |
|---|---|
| Format: | Llibre |
| Idioma: | espanyol |
| Publicat: |
Beijing
Lenguas Extranjeras
1974
|
| Matèries: | |
| Etiquetes: |
Afegir etiqueta
Sense etiquetes, Sigues el primer a etiquetar aquest registre!
|
MARC
| LEADER | 00000nam a2200000 a 4500 | ||
|---|---|---|---|
| 001 | UCZ8005 | ||
| 003 | CL-VaPUC | ||
| 008 | 960112e19740000CH |||||||||||||||||spa|d | ||
| 082 | 0 | 4 | |a 895.1 |b SIN |2 21 |
| 100 | 0 | |a Sing-pei, Wang |e author |9 353070 | |
| 245 | 1 | 3 | |a El rey mono contra el demonio de hueso blanco |
| 300 | |a 110 p | ||
| 942 | |c BK | ||
| 945 | |d 19960112 00:00:00 |a cmena | ||
| 260 | |a Beijing |b Lenguas Extranjeras |c 1974 | ||
| 650 | 7 | |a LITERATURA CHINA |2 CL-VaPUC |9 352595 | |
| 650 | 7 | |a NOVELAS CHINAS |2 CL-VaPUC |9 352596 | |
| 650 | 0 | |a Mitología |9 255719 | |
| 650 | 7 | |a FOLKLORE |2 CL-VaPUC |9 268291 | |
| 650 | 7 | |a LEYENDAS CHINAS |2 CL-VaPUC |9 353071 | |
| 583 | |a last modification |c 19960112 00:00:00 |k Rodrigo Vera | ||
| 999 | |c 243974 |d 243972 | ||
| 952 | |0 0 |1 0 |4 0 |6 895_100000000000000_SIN_1974 |7 0 |8 A |9 257867 |a BIBEDU |b BIBEDU |d 2019-11-19 |i 1615610 |o 895.1 SIN 1974 |p 1615610 |r 2019-11-19 |w 2019-11-19 |y BK |k EDU | ||